Coś czarnego - Statystyki

Ogólne statystyki
  • Ten quiz został rozwiązany 23 razy
  • Średni wynik to 1 z 6
Statystyki odpowiedzi
Odpowiedź % Poprawnych
dziura
41%
włosy
41%
kawa
29%
humor
24%
asfalt
6%
charakter
6%
Nie znaleziono quizów pasujących do podanych kryteriów
Rozkład punktacji
Procent ludzi z każdym wynikiem
Percentyl według liczby udzielonych odpowiedzi
Twoja historia wyników
Nie rozwiązałeś tego quizu